000 00682nam a2200253Ia 4500
003 OSt
005 20220928114414.0
006 a|||||r|||| 00| 0
007 ta
008 220927b |||||||| |||| 00| 0 eng d
024 _a74542
037 _cTextual
040 _aSDCL
_cSDCL
_beng
041 _2eng
_aeng
082 _aX:(B), L7
100 _aArchibald G C
_9420137
245 0 _aIntroduction to a mathematical treatment of economics
250 _a3
260 _aLondon
_bE L B S
_c1977
300 _aviii,523p
_ccm.
700 _a Lipsey Richard G
_9420138
942 _hX:(B), L7
_cTEXL
_2CC
999 _c754125
_d754125